| 000 | 01423nam a22002897a 4500 | ||
|---|---|---|---|
| 005 | 20170124103114.0 | ||
| 010 | _aA-955284 | ||
| 020 |
_c250.00 _a8185727589 |
||
| 035 | _aA-955284 | ||
| 037 | _bCen Lib/Ret | ||
| 040 |
_aDPL _bHN |
||
| 082 |
_a338.4791 _bनेगीज |
||
| 100 |
_aनेगी, जगमोहन _980352 |
||
| 245 |
_aपर्यटन एवं यात्रा के सिद्धान्त / _cजगमोहन नेगी ; सम्पादक गौरव मनोहर |
||
| 246 |
_aParyetan ewam yatra ke siddhant / _bby Jagmohan Negi ; sampadak Gaurav Manohar |
||
| 250 | _aद्वितीय संस्करण | ||
| 260 |
_aनई दिल्ली _bतक्षशिला प्रकाशन _c1999 |
||
| 270 |
_bनई दिल्ली _a23/4762, अंसारी रोड, दरियागंज _e110002 |
||
| 300 |
_a320पृ. _c20सेमी(सजिल्द) |
||
| 500 | _aसंदर्भ शामिल | ||
| 650 |
_aपर्यटन -- आर्थिक एवं सामाजिक महत्त्व _980353 |
||
| 650 |
_aपर्यटन -- परिभाषा _980354 |
||
| 650 |
_aTourism - the economic and social importance _980355 |
||
| 650 |
_aTourism - Definition _980356 |
||
| 700 |
_aमनोहर, गौरव _980357 |
||
| 942 |
_2ddc _cHN _h338.4791 _mनेगीज |
||
| 999 |
_c118475 _d118475 |
||